| 000 | 00733nam a2200193Ia 4500 | ||
|---|---|---|---|
| 008 | 160319s9999 xx 000 0 und d | ||
| 245 | 4 | _aThe Last Supper, crucifixion & resurrection / | |
| 245 | _cproduced by Tundra Productions Inc. ; execuvite producer, Seth M. Willenson ; directed and produced by William R. Kowalchuk ; written by Michael Ashner and Sonya Roberts. | ||
| 260 | _aNew York : | ||
| 260 | _bTundra Productions, Inc., | ||
| 260 | _c2010 | ||
| 300 | _a1 videodisc : | ||
| 300 | _bsound., color ; | ||
| 300 | _c4 3/4 in. | ||
| 440 | _aChildren's Bible stories. | ||
| 650 | _aBible stories, English. | ||
| 650 | _aEducation, Preschool -- Study and teaching -- Audio-visual aids. | ||
| 650 | _aLast Supper. | ||
| 999 |
_c292534 _d292534 |
||